Statistics for Cities With One Million People by Letter - K

Click here to take the quiz!

General Stats

  • This quiz has been taken 265 times
  • The average score is 16 of 31

Answer Stats

City % Correct
Kiev
97%
Kansas City
95%
Kinshasa
91%
Khartoum
90%
Karachi
88%
Kabul
87%
Kuala Lumpur
83%
Kampala
83%
Kigali
81%
Kuwait City
81%
Kolkata
78%
Kano
74%
Kathmandu
70%
Kharkiv
61%
Katowice
58%
Kunming
48%
Kazan
42%
Krasnoyarsk
35%
Kaohsiung
35%
Kanpur
35%
Kumasi
33%
Kirkuk
30%
Konya
28%
Kochi
22%
Kitakyushu
21%
Kayseri
19%
Kaduna
18%
Kumamoto
14%
Kotā
11%
Kaifeng
10%
Khulna
7%

Score Distribution

Percentile by Number Answered

Percent of People with Each Score

Your Score History

You have not taken this quiz